| 000 | 00438cam a2200157ua 4500 | ||
|---|---|---|---|
| 020 | _c295.00 | ||
| 041 |
_aeng _h |
||
| 100 | _aCampbell, James S . | ||
| 245 |
_aPrinciples of manufacturing materials and processes / _cJames S Campbell. _hTextual Documents |
||
| 260 |
_aNew Delhi : _bTata Mc-Graw Hill Publishing Company , _c2006. |
||
| 300 | _a ; . | ||
| 365 | _a295.00 | ||
| 504 | _a | ||
| 942 | _cBK | ||
| 999 |
_c12971 _d12971 |
||